000 00670nam a2200277Ia 4500
005 20260324140308.0
008 008 260324s9999 xx 000 0 eng d
020 _a9780203750056
037 _aEBOOK
040 _aCRL
040 _beng
040 _cCRL
041 _2eng
041 _aeng
084 _qCRL
100 _aR.C. Gunning
_91203849
245 0 _aIntroduction to Holomorphic Functions of Several Variables, Volume II
260 _bTaylor and Francis
260 _c1999
365 _a
365 _b640
856 _uhttp://www.taylorfrancis.com/books/9780203750056
942 _cEBOOK
999 _c1805787
_d1805787